000 00660nam a2200205 a 4500
005 20210223131220.0
008 100211s1998 mx r 000 0 spa d
020 _a9686871144
035 _aUPN01000174642
049 _aCG
050 4 _aPQ7297 P3
_bC6.7
100 1 _aPellicer, Carlos,
_d1899-1977
245 1 0 _aCorreo familiar :
_b1918-1920 /
_cCarlos Pellicer ; ed. y pról. Serge I. Zaitzeff.
260 _aMéxico :
_bFactoría,
_c1998.
300 _a245 p. :
_bil.
440 3 _aLa serpiente emplumada ;
_v4
600 1 4 _aPELLICER, CARLOS,
_d1899-1977 -
_vCORRESPONDENCIA, MEMORIAS, ETC.
_914463
700 1 _aZaitzeff, Serge I.,
_eed.
905 _aLibro
999 _c146746
_d146746